[Event "Kstovo op"]
[Site "Kstovo"]
[Date "1994.??.??"]
[Round "7"]
[White "Guliev, Logman"]
[Black "Yuferov, Sergey  N"]
[Result "0-1"]
[WhiteElo "2490"]
[BlackElo "2470"]

1.e4 c5 2.Nf3 d6 3.d4 cxd4 4.Nxd4 Nf6 5.Nc3 a6 6.Be3 e5 7.Nf3 Be7 8.Bc4 O-O
9.O-O Be6 10.Bd5 Nc6 11.Bxe6 fxe6 12.Ng5 Qd7 13.Na4 Bd8 14.Re1 h6 15.Nf3 Nxe4
16.Qd3 Nf6 17.Qg6 Ne7 18.Qg3 Qxa4 19.Qh3 Qg4 20.Rad1 Qxh3 21.gxh3  0-1

[Event "Kurgan"]
[Site "Kurgan"]
[Date "1994.??.??"]
[Round "9"]
[White "Pugachov, Alexey"]
[Black "Avrukh, Boris"]
[Result "1/2-1/2"]
[WhiteElo "2470"]
[BlackElo "2425"]

1.e4 c5 2.Nf3 d6 3.d4 cxd4 4.Nxd4 Nf6 5.Nc3 a6 6.Be3 Ng4 7.Bg5 h6 8.Bh4 g5
9.Bg3 Bg7 10.Qd2 Nc6 11.Nb3 Be6 12.h4 gxh4 13.Bxh4 b5 14.f3 Nge5 15.Bf2 Bc4
16.Bd3 Nb4 17.Nc1 d5 18.a3 dxe4 19.Bxe4 Qxd2+ 20.Kxd2 O-O-O+ 21.Ke1 Nd5 22.Bxd5 Bxd5
23.N1e2 Bb7 24.b3  1/2-1/2

[Event "Leeuwarden op"]
[Site "Leeuwarden"]
[Date "1994.??.??"]
[Round "2"]
[White "Hoeksema, Hendrik Pieter"]
[Black "Dvoirys, Semen I"]
[Result "1-0"]
[WhiteElo "2405"]
[BlackElo "2535"]

1.e4 c5 2.Nf3 d6 3.d4 cxd4 4.Nxd4 Nf6 5.Nc3 a6 6.Be3 e5 7.Nb3 Be6 8.f3 Nbd7
9.Qd2 Rc8 10.g4 Nb6 11.g5 Nh5 12.O-O-O Be7 13.Rg1 O-O 14.Kb1 Qc7 15.f4 exf4
16.Bxf4 Na4 17.Ne2 Bxb3 18.axb3 Nc5 19.Nc3 Nxe4 20.Nxe4 Nxf4 21.Bd3 d5 22.Nf6+ Bxf6
23.gxf6 g6 24.Rdf1 Nxd3 25.cxd3 Kh8 26.Qh6 Rg8 27.Rf3  1-0

[Event "Liechtenstein op"]
[Site "Liechtenstein"]
[Date "1994.??.??"]
[Round "7"]
[White "Landenbergue, Claude"]
[Black "Ivanov, Mikhail M"]
[Result "1/2-1/2"]
[WhiteElo "2390"]
[BlackElo "2515"]

1.e4 c5 2.Nf3 d6 3.d4 cxd4 4.Nxd4 Nf6 5.Nc3 a6 6.Be3 e5 7.Nb3 Be7 8.f4 exf4
9.Bxf4 O-O 10.Qd2 Nc6 11.O-O-O Ne5 12.Kb1 h6 13.Be2 b5 14.Nd4 Be6 15.Qe3 Qc7
16.Qg3 Kh8 17.Nd5 Nxd5 18.exd5 Bd7 19.Rhf1 Rac8 20.Qe3 g5 21.Bxe5+ dxe5 22.Bd3 f5
23.Nxf5 Bxf5 24.Rxf5 Rxf5 25.Bxf5 Rf8 26.Bd3 Rf4 27.g3 Bc5 28.Qe2 Rf6 29.Rf1 Qd6
30.Rxf6 Qxf6 31.Qe4 Kg7 32.a3 Kf8 33.Qh7 Be7 34.g4 Qg7 35.Qf5+ Qf6 36.Qc8+ Kf7
37.Bf5 Kg7 38.Ka2 Qd6 39.Be6 Bd8 40.Qc3 Bf6 41.Qd3 Be7 42.h3 Qc5 43.Bf5 a5
44.Bh7 Qd6 45.Be4 b4 46.a4 Qc5 47.Kb3 Kf8 48.Qf3+ Ke8 49.Bf5 Kd8 50.Be6 Kc7
51.Qe2 Bd6 52.Qd3 Kb6 53.Ka2 Ka7 54.Bd7 Kb6 55.Bc6 Bc7 56.Kb3 Bd6 57.Qg6 Qe3+
58.Ka2 Qc5 59.Qe4 Bc7 60.Kb3 Qd4 61.Qg6 Kc5 62.Ka2 e4 63.Qf7 e3  1/2-1/2

[Event "Litomysl op"]
[Site "Litomysl"]
[Date "1994.??.??"]
[Round "?"]
[White "Zezulkin, Jurij"]
[Black "Stodola, Jaroslav"]
[Result "1-0"]
[WhiteElo "2410"]
[BlackElo "2200"]

1.e4 c5 2.Nf3 d6 3.d4 cxd4 4.Nxd4 Nf6 5.Nc3 a6 6.Be3 e5 7.Nf3 Be7 8.Bc4 O-O
9.O-O Be6 10.Qd3 Bxc4 11.Qxc4 b5 12.Qd3 Nbd7 13.Bg5 Qc7 14.a3 Rac8 15.Rfd1 Qb7
16.Rac1 Rc4 17.Bxf6 Nxf6 18.Nd2 Rd4 19.Qf3 d5 20.exd5 Rf4 21.Qe2 Nxd5 22.Nxd5 Qxd5
23.c4 bxc4 24.Nxc4 Qb5 25.g3 Rf5 26.b4 g6 27.Qe4 Bg5 28.Nd6 Qa4 29.Nxf5 gxf5
30.Qxf5 Bxc1 31.Rxc1 Re8 32.Qg5+ Kh8 33.Qf6+ Kg8 34.Qc6 Qb5 35.Rc5 Qxc6 36.Rxc6 Ra8
37.Rc5 f6 38.Ra5 e4 39.b5 Rb8 40.bxa6 Ra8 41.a7 Kf7 42.Kf1 Ke6 43.Ke2 Kd6
44.Ke3 f5 45.Kf4 Kc6 46.Kxf5 Kb6 47.Ra4 e3 48.fxe3 Kb5 49.Rb4+ Kc6 50.Rc4+ Kb6
51.e4  1-0

[Event "Litomysl op"]
[Site "Litomysl"]
[Date "1994.??.??"]
[Round "?"]
[White "Svatos, Jan"]
[Black "Neuman, Petr"]
[Result "1/2-1/2"]
[WhiteElo "2280"]
[BlackElo "2150"]

1.e4 c5 2.Nf3 d6 3.d4 cxd4 4.Nxd4 Nf6 5.Nc3 a6 6.Be3 e5 7.Nb3 Be6 8.Qd2 b5
9.f3 Nbd7 10.a4 b4 11.Nd5 Bxd5 12.exd5 Nb6 13.Bxb6 Qxb6 14.a5 Qb7 15.Bc4 Be7
16.Ra4 Rb8 17.Qd3 Ra8 18.Qd2 Rb8 19.Nc1 O-O 20.Na2 Bd8 21.Nxb4 Bxa5 22.Rxa5 Qxb4
23.Qxb4 Rxb4 24.b3 Ra8 25.Kd2 Kf8 26.Rha1 Rb6 27.c3 Ke7 28.b4 Kd8 29.g4 h6
30.h4 Kc7 31.g5 hxg5 32.hxg5 Nh7 33.g6 fxg6 34.Rxa6 Raxa6 35.Rxa6 Rxa6 36.Bxa6 g5
37.Be2 Nf6 38.c4 Kb6 39.Ke3 Kc7 40.Bd3 Kb6 41.Bf5 Nh5 42.Be6 Nf4 43.Bf7 Ng2+
44.Ke4 Ne1 45.Bg6 Nc2 46.c5+ dxc5 47.Kxe5 Nxb4 48.d6 Nc6+ 49.Ke6 Nd4+ 50.Kd7 Nc6
51.Ke8 c4 52.Be4 c3 53.Bxc6 c2 54.d7 c1=Q 55.d8=Q+ Kc5 56.Be4 Qf4 57.Qe7+ Kd4
58.Qxg7+ Ke3 59.Qa7+ Ke2 60.Qa2+ Ke3 61.Qb2 Qc7 62.Qa3+ Kf2 63.Qa2+ Kg3 64.Qe6 Qf4
65.Qh6 Qe5+ 66.Kf7 Kf4 67.Qg6 Qc7+ 68.Kg8 Qd8+ 69.Kh7 Qe7+ 70.Kh6 Qf8+  1/2-1/2

[Event "Litomysl op"]
[Site "Litomysl"]
[Date "1994.??.??"]
[Round "?"]
[White "Savko, Alexei"]
[Black "Stodola, Jaroslav"]
[Result "1-0"]
[WhiteElo "2375"]
[BlackElo "2200"]

1.e4 c5 2.Nf3 d6 3.d4 cxd4 4.Nxd4 Nf6 5.Nc3 a6 6.Be3 e5 7.Nb3 Be7 8.f3 Nbd7
9.Qd2 O-O 10.g4 b5 11.g5 Ne8 12.O-O-O b4 13.Nd5 a5 14.Kb1 Bb7 15.h4 Bxd5
16.exd5 a4 17.Nc1 Qa5 18.h5 Nb6 19.g6 Nc7 20.h6 fxg6 21.hxg7 Rxf3 22.Bxb6 Qxb6
23.Qh6 Kf7 24.Qxh7 Rg8 25.Bd3 Rxg7 26.Bxg6+ Kf8 27.Qh8+ Rg8 28.Qh6+ Rg7 29.Rdf1 Qf2
30.Rxf2 Rxf2 31.Qe3 Rf4 32.Rh8+ Rg8 33.Qh3 Ne8 34.Rxg8+  1-0

[Event "Litomysl op"]
[Site "Litomysl"]
[Date "1994.??.??"]
[Round "?"]
[White "Zezulkin, Jurij"]
[Black "Kos, Toni"]
[Result "1/2-1/2"]
[WhiteElo "2410"]
[BlackElo "2220"]

1.e4 c5 2.Nf3 d6 3.d4 cxd4 4.Nxd4 Nf6 5.Nc3 a6 6.Be3 e5 7.Nf3 Be7 8.Bc4 O-O
9.O-O h6 10.Qe2 Qc7 11.Nd5 Nxd5 12.Bxd5 Nd7 13.Nd2 Bg5 14.Bxg5 hxg5 15.Nc4 Nf6
16.Ne3 Be6 17.Rfd1 Rac8 18.c3 Rfd8 19.Rd3 Bxd5 20.Nxd5 Nxd5 21.Rxd5 Qc4 22.Qg4 b5
23.a3 a5 24.Re1 b4 25.Re3 bxa3 26.bxa3 Rb8 27.h4 Qa2 28.Qxg5 f6 29.Qg6 Rb1+
30.Kh2 Qxf2 31.Rg3 Qg1+ 32.Kh3 Qh1+ 33.Kg4 Rb7 34.Rdd3 Rf7 35.Rd5 f5+ 36.exf5 Rf6
37.Qg5 Rdf8 38.Rdd3 e4 39.Rd5 Re8 40.Kh5 Rf7 41.Rxd6 Qf1 42.Kg6 Ref8 43.Rd8 Qf2
44.Rxf8+ Rxf8 45.Rg4 Rf6+ 46.Qxf6 gxf6 47.Kxf6+ Kf8 48.Rxe4 Qxg2 49.Rd4 Qg7+
50.Ke6 Qe7+ 51.Kd5 Qxa3 52.Kc4 Kf7 53.Kd3 Kf6 54.Kc4 Kxf5 55.Kd3 Qb3 56.Kd2 Qb1
57.Rb4  1/2-1/2

[Event "Ljubljana op"]
[Site "Ljubljana"]
[Date "1994.??.??"]
[Round "?"]
[White "Lanka, Zigurds"]
[Black "Bukic, Enver"]
[Result "1-0"]
[WhiteElo "2535"]
[BlackElo "2445"]

1.e4 c5 2.Nf3 d6 3.d4 cxd4 4.Nxd4 Nf6 5.Nc3 a6 6.Be3 Ng4 7.Bg5 h6 8.Bh4 g5
9.Be2 Bg7 10.Bg3 h5 11.Bxg4 Bxg4 12.f3 Be6 13.Bf2 Nc6 14.O-O Rc8 15.Kh1 Be5
16.Nce2 Bc4 17.c3 e6 18.b3 Bxe2 19.Nxe2 h4 20.Be3 Rg8 21.Rc1 Qf6 22.Qd2 Qg6
23.h3 Rg7 24.c4 Ne7 25.Rcd1 Nc6 26.b4 Ne7 27.Bd4 Qf6 28.Bxe5 Qxe5 29.c5 d5
30.Nc3 Rd8 31.Rfe1 d4 32.Na4 Nc6 33.Nb6 Qf4 34.Qb2 f6 35.Rf1 Rc7 36.a4 Qe3
37.f4 Qc3 38.Qe2 gxf4 39.Rxf4 d3 40.Qg4 Rf7 41.Qxe6+ Kf8 42.Rxh4 Ne7 43.Nd7+  1-0

[Event "SWZ-ch op"]
[Site "Luzern"]
[Date "1994.??.??"]
[Round "?"]
[White "Gunawan, Ruben"]
[Black "Khenkin, Igor"]
[Result "0-1"]
[WhiteElo "2345"]
[BlackElo "2580"]

1.e4 c5 2.Nf3 d6 3.d4 cxd4 4.Nxd4 Nf6 5.Nc3 a6 6.Be3 Ng4 7.Bg5 h6 8.Bh4 g5
9.Bg3 Bg7 10.Qd2 Nc6 11.Nb3 f5 12.exf5 Bxf5 13.Bd3 Qd7 14.O-O O-O 15.Rad1 Nge5
16.Be2 b5 17.Nd5 Nc4 18.Bxc4 bxc4 19.Nb6 Qe6 20.Na5 c3 21.Qd5 Qxd5 22.Rxd5 Nb4
23.Rxf5 Rxf5 24.Nxa8 Rxa5 25.bxc3 Bxc3 26.f4 Nxc2 27.fxg5 hxg5 28.Nc7 Rxa2
29.Nd5 Bd4+ 30.Kh1 e5 31.Nf6+ Kf7 32.Ne4+ Ke6 33.Nxg5+ Kd5 34.h4 Ne3 35.Rf3 e4
36.Rf7 Ng4 37.Rf1 Ne3 38.Rf7 Ng4 39.Rf5+ Kc4 40.Rf1 d5 41.Rc1+ Bc3 42.Be1 Ra1  0-1

[Event "EUCup f"]
[Site "Lyon"]
[Date "1994.??.??"]
[Round "?"]
[White "Tolnai, Tibor"]
[Black "Pigusov, Evgeny"]
[Result "1/2-1/2"]
[WhiteElo "2520"]
[BlackElo "2575"]

1.e4 c5 2.Nf3 d6 3.d4 cxd4 4.Nxd4 Nf6 5.Nc3 a6 6.Be3 Ng4 7.Bc1 Nf6 8.Be3 Ng4
9.Bg5 h6 10.Bh4 g5 11.Bg3 Bg7 12.h3 Ne5 13.Be2 Nbc6 14.Nb3 Ng6 15.Qd2 Be6
16.h4 Nxh4 17.Bxh4 gxh4 18.Rxh4 Rc8 19.O-O-O Qb6 20.Bg4 Bxc3 21.bxc3 Bxg4
22.Rxg4 Ne5 23.Rg3 Qc6 24.Qd4 Rf8 25.Nd2 Qb5 26.Rh1 Nc4 27.Nxc4 Rxc4 28.Qd3 Qc6
29.Re3 Ra4 30.Rxh6 Rxa2 31.Kd2 Ra1 32.e5 Qxg2 33.Qf5 Qd5+ 34.Rd3 Qc5 35.Rh5 e6
36.Qf6 d5 37.Rd4 Qa3 38.Rh8 Qc1+ 39.Ke2 Qxc2+ 40.Kf3 Rxh8 41.Qxh8+ Kd7 42.Rf4 Qd3+
43.Kg2 Qg6+ 44.Kh2  1/2-1/2

[Event "EUCup f"]
[Site "Lyon"]
[Date "1994.??.??"]
[Round "?"]
[White "Frolov, Artur"]
[Black "Arnason, Jon L"]
[Result "1-0"]
[WhiteElo "2540"]
[BlackElo "2525"]

1.e4 c5 2.Nf3 d6 3.d4 cxd4 4.Nxd4 Nf6 5.Nc3 a6 6.Be3 e6 7.f3 b5 8.g4 h6 9.h4 Bb7
10.Rh3 Nfd7 11.Qd2 Ne5 12.O-O-O Nbd7 13.g5 hxg5 14.Bxg5 Qa5 15.f4 Nc6 16.Nb3 Qc7
17.f5 Nf6 18.fxe6 fxe6 19.Re3 Bc8 20.Nd4 Ne5 21.a3 Bd7 22.Nf3 Nf7 23.Bh3 O-O-O
24.Nd4 e5 25.Ne6 Bxe6 26.Bxe6+ Kb8 27.Nxb5 axb5 28.Rb3 Nxg5 29.Rxb5+ Ka7
30.Ra5+ Kb8 31.Qb4+ Qb7 32.Rb5 Nxe6 33.Rxb7+ Kc8 34.Ra7  1-0

[Event "Makarska"]
[Site "Makarska"]
[Date "1994.??.??"]
[Round "?"]
[White "Ljubicic, Filip"]
[Black "Marinelli, Tullio"]
[Result "1/2-1/2"]
[WhiteElo "2335"]
[BlackElo "2375"]

1.e4 c5 2.Nf3 d6 3.d4 cxd4 4.Nxd4 Nf6 5.Nc3 a6 6.Be3 e5 7.Nb3 Be7 8.f3 Be6
9.Qd2 O-O 10.O-O-O Nbd7 11.g4 Nb6 12.h4 Nfd7 13.h5 a5 14.Kb1 a4 15.Nc1 Qc8
16.g5 f5 17.Nd5 Bxd5 18.exd5 Nc4 19.Qd3 Nxe3 20.Qxe3 a3 21.b3 Bd8 22.Bh3 Bb6
23.Qd3 Nc5 24.Qb5 Qc7 25.Ne2 Kh8 26.g6 h6 27.Qc4 Qe7 28.Qb5 Nd7 29.c3 Be3
30.Rhe1 Nc5 31.Ng3 Qg5 32.Nxf5 Rxf5 33.Rxe3 Qxe3 34.Bxf5 Qxc3 35.Qe2 Nxb3
36.axb3 a2+ 37.Qxa2 Rxa2 38.Kxa2 Qxf3 39.Bc2 Kg8 40.Rd3 Qf2 41.Rc3 Kf8 42.Rc7 Ke8
43.Kb1 Qg1+ 44.Ka2 Qg2 45.Kb1 e4 46.Rxg7 e3 47.Bd3 e2 48.Bxe2 Qxe2 49.Rxb7 Qf1+
50.Kb2 Qg2+ 51.Ka3 Kf8 52.Rb8+ Kg7 53.Rb7+ Kg8 54.Rb8+ Kg7 55.Rb7+ Kf6 56.g7 Qxd5
57.b4 Qg8 58.b5 Kg5 59.b6 Kxh5 60.Rc7 Qb8 61.Rc1 Qa8+ 62.Kb4 Qe4+ 63.Kb5 Qd5+
64.Ka6 Qa8+ 65.Kb5 Qd5+ 66.Ka6  1/2-1/2

[Event "Makarska"]
[Site "Makarska"]
[Date "1994.??.??"]
[Round "?"]
[White "Grosar, Aljosa"]
[Black "Ljubicic, Filip"]
[Result "1-0"]
[WhiteElo "2430"]
[BlackElo "2335"]

1.e4 c5 2.Nf3 d6 3.d4 cxd4 4.Nxd4 Nf6 5.Nc3 a6 6.Be3 e5 7.Nb3 Be7 8.Bc4 O-O
9.O-O Nbd7 10.Qd3 Nb6 11.Nd2 Be6 12.Bb3 Rc8 13.Bxb6 Qxb6 14.Nc4 Qd4 15.Ne3 b5
16.Rfd1 Qa7 17.a4 b4 18.Ncd5 Nxd5 19.Bxd5 Rc5 20.Qb3 Bxd5 21.Rxd5 a5 22.Rxc5 Qxc5
23.Qd5 Rc8 24.Rd1 Kf8 25.b3 Qa7 26.Nc4 Rc5 27.Qd3 Qc7 28.g3 g6 29.Qf3 Kg7
30.h4 h5 31.Rd3 Rxc4 32.bxc4 Qxc4 33.Rd5 Qxc2 34.Rxa5 b3 35.Rb5 b2 36.Qb3 Qxe4
37.a5 Qe1+ 38.Kg2 Qe4+ 39.Kh2 Bxh4 40.Qxb2 Bg5 41.Qa2 h4 42.a6 hxg3+ 43.fxg3 Be3
44.Rb7 Qf3 45.a7 Bxa7 46.Rxa7 e4 47.Qb2+ Kh7 48.Qg2 Qf6 49.Ra8  1-0

[Event "CRO-chT"]
[Site "Makarska"]
[Date "1994.??.??"]
[Round "3"]
[White "Zecevic, Dean"]
[Black "Sindik, Ervin"]
[Result "0-1"]
[WhiteElo "2345"]
[BlackElo "2340"]

1.e4 c5 2.Nf3 d6 3.d4 cxd4 4.Nxd4 Nf6 5.Nc3 a6 6.Be3 e6 7.Qd2 b5 8.f3 Bb7
9.O-O-O Nc6 10.Nxc6 Bxc6 11.g4 Be7 12.g5 Nd7 13.Ne2 d5 14.Nd4 Bb7 15.Bh3 dxe4
16.g6 hxg6 17.Nxe6 fxe6 18.Qg2 g5 19.Bxe6 Bc6 20.Qg4 Qc7 21.Bxg5 Ne5 22.Qf4 Rf8
23.Qe3 Rxf3 24.Qg1 e3 25.Bxe3 Rxe3 26.Qxe3 Bxh1 27.Kb1 Bf3 28.Rf1 Rd8 29.Qf4 Qd6  0-1

[Event "Mestres"]
[Site "Mestres"]
[Date "1994.??.??"]
[Round "3"]
[White "Ribeiro, Fernando"]
[Black "Galego, Luis"]
[Result "1/2-1/2"]
[WhiteElo "2220"]
[BlackElo "2390"]

1.e4 c5 2.Nf3 d6 3.d4 cxd4 4.Nxd4 Nf6 5.Nc3 a6 6.Be3 e6 7.Be2 Be7 8.f4 O-O
9.O-O Nc6 10.Kh1 Bd7 11.Bf3 Qc7  1/2-1/2

[Event "Minsk op"]
[Site "Minsk"]
[Date "1994.??.??"]
[Round "6"]
[White "Zezulkin, Alexey"]
[Black "Dragomarezkij, Evgeni"]
[Result "0-1"]
[WhiteElo "2365"]
[BlackElo "2490"]

1.e4 c5 2.Nf3 d6 3.d4 cxd4 4.Nxd4 Nf6 5.Nc3 a6 6.Be3 e5 7.Nf3 Be7 8.Bc4 O-O
9.a4 Nc6 10.O-O Be6 11.Bd5 Rc8 12.Nd2 Nb4 13.Nb3 Nfxd5 14.exd5 Bf5 15.Rc1 Bg6
16.Qd2 Rc4 17.Qe2 Qc7 18.Nd2 Rxc3 19.bxc3 Nxd5 20.Nb1 Qc6 21.Bd2 Qxa4 22.c4 Nb4
23.f4 f6 24.Qg4 f5 25.Qf3 Nc6 26.fxe5 dxe5 27.Qb3 Qxb3 28.cxb3 Nd4 29.Rce1 e4
30.Nc3 Nxb3 31.Bf4 Rc8 32.Rb1 Bc5+ 33.Kh1 Na5 34.Nd5 Bf7 35.Be3 Nxc4 36.Bxc5 Bxd5
37.Rxf5 Rxc5 38.Rxb7 h6 39.Kg1 Ne3 40.Rb8+ Kh7  0-1

[Event "Mlada Boleslav op"]
[Site "Mlada Boleslav"]
[Date "1994.??.??"]
[Round "6"]
[White "Adamek, Zdenek"]
[Black "Purtov, Andrei"]
[Result "0-1"]
[WhiteElo "2120"]
[BlackElo "2390"]

1.e4 c5 2.Nf3 d6 3.d4 cxd4 4.Nxd4 Nf6 5.Nc3 a6 6.Be3 e6 7.f3 b5 8.Qd2 Bb7
9.O-O-O Nbd7 10.g4 Nb6 11.Qf2 Nfd7 12.Kb1 Be7 13.h4 b4 14.Nce2 d5 15.e5 Nc4
16.f4 Bxh4 17.Ng3 Bxg3 18.Qxg3 Qc7 19.Bc1 Nc5 20.f5 Ne4 21.Qh2 Qb6 22.fxe6 fxe6
23.g5 Nc5 24.Bh3 O-O-O 25.Rhf1 Rd7 26.Bg4 Kb8 27.g6 h6 28.Rf7 Bc8 29.Rdf1 Rhd8
30.Rxd7 Bxd7 31.Rf7 Ne4 32.Nb3 a5 33.Rxg7 a4 34.Qxh6 axb3 35.axb3 Nxb2 36.Bxb2 Qg1+
37.Ka2 Qxg4 38.Rf7 Kc7 39.Qh7 Ra8+  0-1

[Event "Moscow ol (Women)"]
[Site "Moscow"]
[Date "1994.??.??"]
[Round "2"]
[White "Arakhamia, Ketevan"]
[Black "Dengler, Dijana"]
[Result "1-0"]
[WhiteElo "2450"]
[BlackElo "2070"]

1.e4 c5 2.Nf3 d6 3.d4 cxd4 4.Nxd4 Nf6 5.Nc3 a6 6.Be3 e5 7.Nb3 Be6 8.Qd2 Nbd7
9.f3 Rc8 10.g4 Nb6 11.O-O-O Be7 12.Kb1 Nc4 13.Bxc4 Rxc4 14.g5 Nd7 15.Nd5 Bxd5
16.Qxd5 b5 17.Qb7 Qc8 18.Na5 Qxb7 19.Nxb7 Rc6 20.Rd3 O-O 21.Rhd1 Nc5 22.Nxc5 dxc5
23.Rd7 Re6 24.Rxe7 Rxe7 25.Bxc5 Re6 26.Bxf8 Kxf8 27.Rd8+ Ke7 28.Ra8 h6 29.Ra7+ Kf8
30.h4 hxg5 31.hxg5 Rg6 32.b4 Rxg5 33.Rxa6 Rg3 34.Ra3 g5 35.Kb2 Ke7 36.Rd3 f5
37.exf5 Kf6 38.a4 bxa4 39.b5 Rh3 40.b6 Kxf5 41.c4 Rh7 42.Ka3 e4 43.fxe4+ Kxe4
44.Rd1 g4 45.c5 g3 46.c6 g2 47.c7  1-0

[Event "Moscow ol (Women)"]
[Site "Moscow"]
[Date "1994.??.??"]
[Round "2"]
[White "Mihevc, Narcisa"]
[Black "Agababian, Naira"]
[Result "0-1"]
[WhiteElo "2110"]
[BlackElo "2205"]

1.e4 c5 2.Nf3 d6 3.d4 cxd4 4.Nxd4 Nf6 5.Nc3 a6 6.Be3 e6 7.f3 b5 8.g4 Bb7
9.g5 Nfd7 10.Qd2 Nb6 11.Bd3 N8d7 12.Qf2 Rc8 13.O-O-O Qc7 14.Kb1 Nc5 15.Rc1 Be7
16.h4 b4 17.Nce2 Nba4 18.h5 Qa5 19.g6 Bf6 20.gxf7+ Kxf7 21.Rhg1 Nxb2 22.Kxb2 Qa3+
23.Ka1 b3 24.cxb3 Nxd3 25.Nc3 Nxf2 26.Bxf2 Qb4  0-1

[Event "Moscow PCA-op rapid"]
[Site "Moscow"]
[Date "1994.??.??"]
[Round "2"]
[White "Poluljahov, Aleksandr"]
[Black "Sokolov, Andrei"]
[Result "1/2-1/2"]
[WhiteElo "2510"]
[BlackElo "2555"]

1.e4 c5 2.Nf3 d6 3.d4 cxd4 4.Nxd4 Nf6 5.Nc3 a6 6.Be3 e6 7.f3 b5 8.Qd2 Nbd7
9.g4 Ne5 10.g5 Nfd7 11.f4 Nc4 12.Bxc4 bxc4 13.O-O-O Qc7 14.Qe2 Rb8 15.Kb1 Be7
16.Rhg1 Rb4 17.h4 Qb7 18.Bc1 Nc5 19.f5 e5 20.Nf3 Na4 21.Nxa4 Rxa4 22.f6 gxf6
23.gxf6 Bxf6 24.Rxd6 Rb4 25.c3 Rb6 26.Rxb6 Qxb6 27.Qxc4 Be6 28.Qe2 Ke7 29.Bg5 Bxg5
30.Rxg5 f6 31.Rg7+ Kf8 32.Rg1 Rg8 33.Rxg8+ Kxg8 34.b3 Bg4 35.Qg2 h5 36.Nh2 Qd6
37.Kb2 Qd1 38.Nf1 Kf7 39.Ng3 Qe1  1/2-1/2

[Event "Moscow op"]
[Site "Moscow"]
[Date "1994.??.??"]
[Round "2"]
[White "Bitman, Alexander R"]
[Black "Nedobora, Mikhail"]
[Result "1/2-1/2"]
[WhiteElo "2205"]
[BlackElo "2460"]

1.e4 c5 2.Nf3 d6 3.d4 cxd4 4.Nxd4 Nf6 5.Nc3 a6 6.Be3 e6 7.f3 Nc6 8.Qd2 Be7
9.g4 O-O 10.g5 Nd7 11.h4 Nxd4 12.Bxd4 b5 13.O-O-O Qa5 14.Kb1 b4 15.Ne2 Ne5
16.f4 Nc4 17.Qd3 e5 18.f5 d5 19.Bf2 Nd6 20.f6 gxf6 21.gxf6 Bxf6 22.Qf3 Qd8  1/2-1/2

[Event "Moscow ol (Men)"]
[Site "Moscow"]
[Date "1994.??.??"]
[Round "3"]
[White "Stefansson, Hannes"]
[Black "Ftacnik, Lubomir"]
[Result "1-0"]
[WhiteElo "2560"]
[BlackElo "2570"]

1.e4 c5 2.Nf3 d6 3.d4 cxd4 4.Nxd4 Nf6 5.Nc3 a6 6.Be3 Ng4 7.Bg5 h6 8.Bh4 g5
9.Bg3 Bg7 10.Qd2 Nc6 11.Nb3 Be6 12.f3 Nge5 13.Bf2 Na5 14.Nd4 Nac4 15.Qc1 Rc8
16.Be2 Qa5 17.O-O Ng6 18.Bxc4 Rxc4 19.Nce2 O-O 20.c3 d5 21.Nxe6 fxe6 22.Qc2 Nf4
23.Nxf4 gxf4 24.Qe2 Rfc8 25.e5 Qb5 26.Bd4 Qe8 27.Qd2 Qf7 28.g4 fxg3 29.hxg3 Qg6
30.Kg2 h5 31.Rh1 Bh6 32.Qf2 Rf8 33.Rh3 Rf4 34.Rd1 Rc8 35.Kh2 Rf7 36.Qe2 Rh7
37.Qd3 Qf7 38.Kg2 Rf8 39.Rdh1 Bg5 40.f4 Bxf4 41.gxf4 Qxf4 42.Rg3+ Rg7 43.Rxh5  1-0

[Event "Moscow ol (Men)"]
[Site "Moscow"]
[Date "1994.??.??"]
[Round "3"]
[White "De la Villa Garcia, Jesus Maria"]
[Black "Nadyrhanov, S."]
[Result "1/2-1/2"]
[WhiteElo "2490"]
[BlackElo "2475"]

1.e4 c5 2.Nf3 d6 3.d4 cxd4 4.Nxd4 Nf6 5.Nc3 a6 6.Be3 e5 7.Nb3 Be7 8.Bc4 Be6
9.Bxe6 fxe6 10.Bg5 Qd7 11.Qf3 d5 12.O-O-O d4 13.Nxd4 exd4 14.e5 Nc6 15.exf6 Bxf6
16.Ne4 Bxg5+ 17.Nxg5 O-O-O 18.Qh3 Rdf8 19.Nxe6 Rxf2 20.Rhe1 Rf6 21.Nxd4 Qxh3
22.gxh3 Rd8 23.Nxc6 Rxc6 24.Re7 Rxd1+ 25.Kxd1 Rg6 26.a4 Rg2 27.Re2 Rg5 28.b3 Kd7
29.Re3 Rg1+ 30.Kd2 Rg2+ 31.Re2 Rg5 32.Kd3 Kd6 33.c3 a5 34.b4 Rh5 35.Re3 Rh4
36.Rg3 g6 37.bxa5 Rxa4 38.Rg4 Rxa5 39.Rh4 Rh5 40.Rxh5  1/2-1/2

[Event "Moscow ol (Men)"]
[Site "Moscow"]
[Date "1994.??.??"]
[Round "5"]
[White "Wang Zili"]
[Black "Nadyrhanov, S."]
[Result "1-0"]
[WhiteElo "2505"]
[BlackElo "2475"]

1.e4 c5 2.Nf3 d6 3.d4 cxd4 4.Nxd4 Nf6 5.Nc3 a6 6.Be3 e5 7.Nb3 Be6 8.Qd2 Be7
9.f3 Nbd7 10.g4 a5 11.Bb5 O-O 12.O-O-O Nb6 13.Qf2 Nfd7 14.a4 Qc7 15.Kb1 Nc4
16.Nd5 Bxd5 17.Rxd5 Rfc8 18.Rd3 Ndb6 19.Rc3 Qd8 20.Rd1 Nxe3 21.Qxe3 Rxc3
22.Qxc3 Qc8 23.Qe3 Qc7 24.Rd3 Bd8 25.Qd2 Nc8 26.Nc1 Qc5 27.Bd7 Nb6 28.Bb5 Nc8
29.Ne2 Qf2 30.Nc3 Qxd2 31.Rxd2 Kf8 32.Nd5 Ne7 33.Ne3 Bc7 34.Rd3 Rc8 35.Rc3 Bd8
36.Nc4 d5 37.exd5 Nxd5 38.Rd3 Nf6 39.Nxe5 h6 40.Nd7+ Ke7 41.Nxf6 Kxf6 42.Rd7 b6
43.Ba6 Rb8 44.Bc4 Be7 45.h4 Rc8 46.b3 g5 47.f4 Rc5 48.fxg5+ hxg5 49.h5 Re5
50.Rb7 Re4 51.Rxb6+ Ke5 52.Bxf7 Bd6 53.Rb5+ Kf6 54.Rf5+ Ke7 55.c4 Rxg4 56.Bg6 Rg2
57.h6 Bb4 58.h7 Bc3 59.Rxa5 g4 60.Rg5 Rb2+ 61.Kc1 Rxb3 62.Rxg4 Rb6 63.Kc2 Ba1
64.c5 Rc6 65.Rg5 Rc8 66.Kb3 Kf6 67.Rg4 Rb8+ 68.Kc4 Kg7 69.Be4+ Kh8 70.Rg8+  1-0

[Event "Moscow ol (Men)"]
[Site "Moscow"]
[Date "1994.??.??"]
[Round "5"]
[White "Dutreeuw, Marc"]
[Black "Short, Nigel D"]
[Result "0-1"]
[WhiteElo "2410"]
[BlackElo "2665"]

1.e4 c5 2.Nf3 d6 3.d4 cxd4 4.Nxd4 Nf6 5.Nc3 a6 6.Be3 e6 7.a4 b6 8.a5 b5 9.Ndxb5 axb5
10.Bb6 Qe7 11.Nxb5 Na6 12.Ra4 e5 13.Bc4 Bd7 14.O-O Bc6 15.f3 Qd7 16.Qe2 Be7
17.Raa1 O-O 18.Rfd1 Bxb5 19.Bxb5 Qb7 20.Bxa6 Rxa6 21.Re1 d5 22.exd5 Nxd5
23.Bf2 Bd6 24.c4 Nb4 25.Bb6 Qc6 26.Kf1 Bc5 27.Qxe5 Bxb6 28.axb6 Rxb6 29.Qc3 Qc5
30.Rad1 Nc6 31.Re3 Rxb2  0-1

[Event "Moscow ol (Women)"]
[Site "Moscow"]
[Date "1994.??.??"]
[Round "7"]
[White "Segal, Anna"]
[Black "Tazhieva, Lyazzat"]
[Result "1-0"]
[WhiteElo "2220"]
[BlackElo "2250"]

1.e4 c5 2.Nf3 d6 3.d4 cxd4 4.Nxd4 Nf6 5.Nc3 a6 6.Be3 e5 7.Nb3 Be6 8.f4 exf4
9.Bxf4 Nc6 10.Qd2 d5 11.exd5 Nxd5 12.Nxd5 Qxd5 13.Qxd5 Bxd5 14.O-O-O O-O-O
15.Be2 h5 16.Rhg1 g6 17.Bg5 Be7 18.Bxe7 Nxe7 19.Nd4 h4 20.Bf3 f5 21.Rde1 Rd7
22.Rxe7 Rxe7 23.Bxd5 Kc7 24.h3 b5 25.c3 g5 26.Bb3 Rhe8 27.Nxf5 Re1+ 28.Rxe1 Rxe1+
29.Bd1 Rg1 30.Ne3 Kd6 31.Kd2 Ke5 32.Ke2 Kf4 33.Kf2 Rh1 34.Nf1  1-0

[Event "Moscow ol (Women)"]
[Site "Moscow"]
[Date "1994.??.??"]
[Round "8"]
[White "Xie Jun"]
[Black "Tazhieva, Lyazzat"]
[Result "1-0"]
[WhiteElo "2515"]
[BlackElo "2250"]

1.e4 c5 2.Nf3 d6 3.d4 Nf6 4.Nc3 cxd4 5.Nxd4 a6 6.Be3 e5 7.Nf3 Qc7 8.a4 b6
9.Bd3 Nbd7 10.O-O Bb7 11.Nh4 g6 12.Kh1 Bg7 13.f4 O-O 14.Nf3 Ng4 15.Bd2 exf4
16.Bxf4 Nge5 17.Qd2 Rfe8 18.Bh6 Bh8 19.Qf4 Nc5 20.Nxe5 Bxe5 21.Qf2 Ne6 22.Bc4 Bxc3
23.bxc3 Bxe4 24.Rad1 Qxc4 25.Qxf7+ Kh8 26.Bg7+  1-0

[Event "Moscow ol (Men)"]
[Site "Moscow"]
[Date "1994.??.??"]
[Round "11"]
[White "Milos, Gilberto"]
[Black "Kuczynski, Robert"]
[Result "1/2-1/2"]
[WhiteElo "2575"]
[BlackElo "2515"]

1.e4 c5 2.Nf3 d6 3.d4 cxd4 4.Nxd4 Nf6 5.Nc3 a6 6.Be3 e5 7.Nb3 Be7 8.Qd2 O-O
9.f3 Be6 10.O-O-O Nbd7 11.g4 b5 12.g5 Nh5 13.Nd5 Bxd5 14.exd5 b4 15.Kb1 a5
16.Bb5 Nb6 17.Qf2 Nc8 18.Bc6 Rb8 19.Rhg1 Qc7 20.f4 exf4 21.Bxf4 Na7 22.Nd4 Nxf4
23.Qxf4 Nxc6 24.dxc6 g6 25.Rgf1 Rbc8 26.Rde1 Qd8 27.h4 d5 28.Qd2 Bc5 29.Rf6 Qb6
30.Nf3 Rxc6 31.Ne5 Rxf6 32.gxf6 Qxf6 33.Nd7 Qf2 34.Re2 Qf1+ 35.Re1 Qf2 36.Re2 Qf1+
37.Re1 Qf2  1/2-1/2

[Event "Moscow ol (Men)"]
[Site "Moscow"]
[Date "1994.??.??"]
[Round "11"]
[White "Kalesis, Nikolaos"]
[Black "Braso, Jorge"]
[Result "1-0"]
[WhiteElo "2415"]
[BlackElo "2270"]

1.e4 c5 2.Nf3 d6 3.d4 cxd4 4.Nxd4 Nf6 5.Nc3 a6 6.Be3 e5 7.Nf3 Be7 8.Bc4 O-O
9.O-O Qc7 10.Qe2 Nbd7 11.Rfd1 b5 12.Bb3 Bb7 13.Bg5 Nc5 14.Bxf6 Bxf6 15.Bd5 Rad8
16.Bxb7 Qxb7 17.Nd5 Be7 18.b4 Ne6 19.a4 Rfe8 20.axb5 axb5 21.Ra5 Nc7 22.Nxc7 Qxc7
23.Rxb5 Rc8 24.Ne1 Qc3 25.Qd3 Qxd3 26.cxd3 Rb8 27.Rxb8 Rxb8 28.Rb1 Kf8 29.Nc2 Bg5
30.Na3 Ke8 31.Nc4 Kd7 32.b5 Bd8 33.Kf1 Bb6 34.Ke2 Bc5 35.f3 Kc7 36.Kd2 f6
37.Kc2 Ra8 38.g3 Rb8 39.f4 Ra8 40.f5 Ra2+ 41.Rb2 Ra1 42.b6+ Kb7 43.Rb5 Ra6
44.Na5+ Kb8 45.Nc6+ Kb7 46.Nd8+ Kb8 47.Ne6 Bxb6 48.Nxg7 Kc7 49.Nh5 Kc6 50.Rb1 Ra2+
51.Rb2 Rxb2+ 52.Kxb2 Bd8 53.Kc3 d5 54.g4 h6 55.Ng3 Ba5+ 56.Kc2 Be1 57.Nf1 dxe4
58.dxe4 Kc5 59.Kd3 Bh4 60.Nd2 Bg5 61.Nf3 Bf4 62.h4 Kd6 63.Kc4 Be3 64.Kd3 Bf4
65.Ke2 Kc5 66.Kf2 Kd6 67.Kg2 Ke7 68.Ne1 Bd2 69.Nd3 Bc3 70.Kg3 Bd2 71.Kf2 Kf7
72.Ne1 Bf4 73.Nf3 Kg7 74.Ne1 h5 75.Kf3 hxg4+ 76.Kxg4 Bh6 77.Nd3 Be3 78.Nb4 Bc1
79.Nd5 Bd2 80.Kf3 Be1 81.Kg4 Bd2 82.Nc7 Be1 83.Ne8+ Kf7 84.Nd6+ Kg7 85.Nc4 Bf2
86.Nd2 Be3 87.Nc4 Bf2 88.Nd6 Be1 89.Nc8 Bb4 90.Nb6 Bd2 91.Nd5 Be1 92.Ne7 Bd2
93.Ng6 Kh6 94.Kf3 Kh5 95.Ke2 Bh6 96.Kd3 Bc1 97.Kc4 Kh6 98.Kd5 Kg7 99.Ke6 Bd2
100.Ne7 Be1 101.h5 Bh4 102.Nd5 Bg5 103.h6+ Kxh6 104.Nxf6 Kg7  1-0